[Event "It (open)"]
[Site "masterchessopen.com Bussum (Netherlands)"]
[Date "2012.05.25"]
[Round "1"]
[White "Moes Waldemar (NED)"]
[Black "Wunnink Michael (NED)"]
[Result "0-1"]
[WhiteElo "2058"]
[BlackElo "2265"]

1.e4 e5 2.Nf3 Nc6 3.Bb5 a6 4.Ba4 Nf6 5.O-O Be7 6.Re1 b5 7.Bb3 d6 8.c3 O-O 9.h3
Nb8 10.d4 Nbd7 11.Nbd2 Bb7 12.Bc2 Re8 13.Nf1 Bf8 14.Ng3 g6 15.b4 h6 16.Bb2 Bg7
17.Bd3 d5 18.Qc2 dxe4 19.Nxe4 Nxe4 20.Bxe4 Bxe4 21.Rxe4 f5 22.Ree1 e4 23.Nh2
Nf6 24.c4 Kh7 25.d5 bxc4 26.Qxc4 Qxd5 27.Qxc7 Rac8 28.Qa7 Qe6 29.Bxf6 Qxf6
30.Rad1 Re7 31.Rd7 Rxd7 32.Qxd7 Rc2 33.g4 Qd4 {#R} 0-1

[Event "Ch France (team) 2012"]
[Site "masterchessopen.com Belfort (France)"]
[Date "2012.06.07"]
[Round "8"]
[White "Fedorchuk Sergey A (UKR)"]
[Black "Gyimesi Zoltan (HUN)"]
[Result "0-1"]
[WhiteElo "2634"]
[BlackElo "2652"]

1.e4 e5 2.Nf3 Nc6 3.Bb5 a6 4.Ba4 Nf6 5.O-O Be7 6.Re1 b5 7.Bb3 d6 8.c3 O-O 9.h3
Nb8 10.d4 Nbd7 11.Nbd2 Bb7 12.Bc2 Re8 13.Nf1 Bf8 14.Ng3 g6 15.a4 c5 16.b3 cxd4
17.cxd4 d5 18.dxe5 dxe4 19.Ng5 Nxe5 20.N5xe4 Nd5 21.Bb2 Bg7 22.Nc5 Bc6 23.axb5
axb5 24.Rxa8 Bxa8 25.Kf1 f5 26.Qd4 Bf6 27.Bxf5 gxf5 28.Nxf5 Ng6 29.Nh6+ Kf8
30.Qd2 Ne3+ 31.Qxe3 Rxe3 32.Rxe3 Qd1+ 33.Re1 Bxg2+ 34.Kxg2 Qxe1 35.Bxf6 Nf4+
36.Kg3 Nh5+ {#R} 0-1

[Event "It \"]
[Site "masterchessopen.com Olot (Spain)"]
[Date "2012.06.09"]
[Round "5"]
[White "Molina Carretero Daniel"]
[Black "Triadu Cassa Jordi"]
[Result "0-1"]
[WhiteElo "1700"]
[BlackElo "2242"]

1.e4 e5 2.Nf3 Nc6 3.Bb5 a6 4.Ba4 Nf6 5.O-O Be7 6.Re1 b5 7.Bb3 d6 8.h3 O-O 9.c3
Nb8 10.d4 Nbd7 11.Bg5 Bb7 12.Nbd2 Re8 13.a4 h6 14.Bh4 exd4 15.Bxf6 Bxf6
16.cxd4 c5 17.e5 dxe5 18.dxe5 Bxe5 19.Nxe5 Nxe5 20.Qh5 Qxd2 21.Rxe5 c4 22.axb5
Rxe5 23.Qxe5 cxb3 24.Qc7 Qd5 25.f3 axb5 {#R} 0-1

[Event "Ch Croatia (juniors) (under 15) (g)"]
[Site "masterchessopen.com Osijek (Croatia)"]
[Date "2012.06.19"]
[Round "2"]
[White "Grgic Neomi (CRO)"]
[Black "Dasic Lana"]
[Result "1-0"]
[WhiteElo "1735"]
[BlackElo "1621"]

1.e4 e5 2.Nf3 Nc6 3.Bb5 a6 4.Ba4 Nf6 5.O-O Be7 6.Re1 b5 7.Bb3 O-O 8.c3 d6 9.h3
Nb8 10.d4 Nbd7 11.Nbd2 Bb7 12.Bc2 Rc8 13.Nf1 c5 14.d5 c4 15.Ng3 Re8 16.Nf5 Nf8
17.Nh2 Ng6 18.h4 Bf8 19.Ng4 Nxg4 20.Qxg4 Ne7 21.Nh6+ {#r} 1-0

[Event "Memorial L.Polugaevsky (open)"]
[Site "masterchessopen.com Samara (Russia)"]
[Date "2012.07.10"]
[Round "6"]
[White "Rotmistrov Aleksandr (RUS)"]
[Black "Kobylsky Evgeny"]
[Result "1-0"]
[WhiteElo "1835"]
[BlackElo "2091"]

1.e4 e5 2.Nf3 Nc6 3.Bb5 a6 4.Ba4 Nf6 5.O-O b5 6.Bb3 Be7 7.Re1 O-O 8.c3 d6 9.h3
Nb8 10.d4 Nbd7 11.c4 Bb7 12.Qc2 Re8 13.Nc3 exd4 14.Nxd4 c5 15.Nf3 Bf8 16.Bf4
Nb6 17.Nd2 b4 18.Nd5 a5 19.Ba4 Re6 20.Nxf6+ Qxf6 21.Bg3 Nxa4 22.Qxa4 Qxb2
23.Rad1 Qf6 24.f3 Qe7 25.Nf1 Rg6 26.e5 dxe5 27.Rxe5 Qf6 28.Rde1 Bc6 29.Qc2 Qd8
30.Rd1 Qb6 31.Re3 Qb7 32.Red3 Be7 33.Kh2 h5 34.Ne3 h4 35.Be5 {#r} 1-0

[Event "Ch Slovakia (open)"]
[Site "masterchessopen.com Banska Stiavnica (Slovakia)"]
[Date "2012.07.11"]
[Round "5"]
[White "Jablonicky Martin (SVK)"]
[Black "Bednar Jan (SVK)"]
[Result "0-1"]
[WhiteElo "1814"]
[BlackElo "2158"]

1.e4 e5 2.Nf3 Nc6 3.Bb5 a6 4.Ba4 Nf6 5.O-O Be7 6.Re1 b5 7.Bb3 d6 8.c3 O-O 9.h3
Nb8 10.d4 Nbd7 11.Nbd2 Bb7 12.Bc2 Re8 13.Nf1 Bf8 14.Ng3 g6 15.a4 c5 16.d5 c4
17.Bg5 h6 18.Be3 Qc7 19.Qd2 Kh7 20.h4 Ng4 21.h5 Nxe3 22.hxg6+ fxg6 23.Rxe3 Be7
24.Ree1 Rf8 25.Nf1 Nf6 26.N1h2 Qd7 27.Bd1 Bd8 28.Qe3 Rc8 29.Nh4 Qf7 30.Ng4
Nxg4 31.Bxg4 Bxh4 32.g3 Bg5 33.Qb6 Rc5 34.Be6 Qc7 {#R} 0-1

[Event "It (open)"]
[Site "masterchessopen.com Rethymno (Greece)"]
[Date "2012.07.11"]
[Round "6"]
[White "Sivuk Vitaly (UKR)"]
[Black "Mamikonian Tigran (ARM)"]
[Result "1-0"]
[WhiteElo "2467"]
[BlackElo "2283"]

1.e4 e5 2.Nf3 Nc6 3.Bb5 a6 4.Ba4 Nf6 5.O-O Be7 6.Re1 b5 7.Bb3 d6 8.c3 O-O 9.h3
Nb8 10.d4 Nbd7 11.Nbd2 Bb7 12.Bc2 Re8 13.a4 Bf8 14.b4 a5 15.bxa5 Rxa5 16.Rb1
d5 17.Nxe5 dxe4 18.axb5 Rxe5 19.dxe5 Nxe5 20.Nxe4 Qa8 21.Nxf6+ gxf6 22.Rxe5
fxe5 23.Qg4+ Bg7 24.Bh6 Qf8 25.Rd1 Ra8 26.Qf5 e4 27.Bxg7 Qxg7 28.Bxe4 Bxe4
29.Qxe4 Rf8 30.Rd3 Kh8 31.Qd4 f6 32.Qd7 Rb8 33.Qd8+ {#r} 1-0

[Event "It (open)"]
[Site "masterchessopen.com Paleochora (Greece)"]
[Date "2012.07.22"]
[Round "8"]
[White "Ambartsumova Karina (RUS)"]
[Black "Barolo Andrea (ITA)"]
[Result "1-0"]
[WhiteElo "2322"]
[BlackElo "1963"]

1.e4 e5 2.Nf3 Nc6 3.Bb5 a6 4.Ba4 Nf6 5.O-O Be7 6.Re1 b5 7.Bb3 O-O 8.h3 d6 9.c3
Nb8 10.d4 Nbd7 11.Nbd2 Bb7 12.Bc2 Re8 13.Nf1 d5 14.exd5 exd4 15.Nxd4 Nxd5
16.a4 c5 17.Nf5 Bf8 18.Qg4 g6 19.Nh6+ Kg7 20.Bg5 Qc7 21.Ng3 N7f6 22.Ngf5+ Kh8
23.Qh4 Bg7 24.Nxg7 Kxg7 25.Nf5+ gxf5 26.Bxf6+ Nxf6 27.Qg5+ Kf8 28.Qxf6 Kg8
29.Qxf5 f6 30.Qxf6 Qg7 31.Qxg7+ Kxg7 32.Rxe8 Rxe8 33.axb5 {#r} 1-0

[Event "Ch Netherlands (open)"]
[Site "masterchessopen.com Dieren (Netherlands)"]
[Date "2012.07.24"]
[Round "1"]
[White "Zwirs Nico (NED)"]
[Black "Smeets Jan (NED)"]
[Result "0-1"]
[WhiteElo "2173"]
[BlackElo "2620"]

1.e4 e5 2.Nf3 Nc6 3.Bb5 a6 4.Ba4 Nf6 5.O-O Be7 6.Re1 b5 7.Bb3 d6 8.c3 O-O 9.h3
Nb8 10.d4 Nbd7 11.Nbd2 Bb7 12.Bc2 Re8 13.Nf1 Bf8 14.Ng3 g6 15.a4 c6 16.Bd3 Bg7
17.b3 Qc7 18.dxe5 dxe5 19.Be3 Bf8 20.b4 Nb6 21.a5 Nbd7 22.Qb3 Qd6 23.Rad1 Qe7
24.Bb1 Rac8 25.Ba2 c5 26.bxc5 Nxc5 27.Bxc5 Rxc5 28.Ng5 Rc7 29.Rd3 h6 30.Nf3
Qa3 31.Qxa3 Bxa3 32.Nd2 Be7 33.c4 b4 34.Bb3 Nd7 35.Ba4 Nc5 36.Bxe8 Nxd3 37.Re3
Nc5 38.Nb3 Kf8 {#R} 0-1

[Event "It \"]
[Site "masterchessopen.com Korinthia (Greece)"]
[Date "2012.08.19"]
[Round "3"]
[White "Fier Alexander Hilario Takeda (BRA)"]
[Black "Nikolaidis Konstantinos (GRE)"]
[Result "1-0"]
[WhiteElo "2582"]
[BlackElo "2279"]

1.e4 e5 2.Nf3 Nc6 3.Bb5 a6 4.Ba4 Nf6 5.O-O Be7 6.Re1 b5 7.Bb3 d6 8.c3 O-O 9.h3
Nb8 10.d4 Nbd7 11.Nbd2 Bb7 12.Bc2 Re8 13.Nf1 Bf8 14.Ng3 g6 15.Bg5 h6 16.Bd2
Bg7 17.b4 c5 18.bxc5 dxc5 19.dxe5 Nxe5 20.Nxe5 Rxe5 21.f4 Re7 22.e5 Rd7 23.Re2
Nd5 24.Qe1 Nb6 25.f5 Nc4 26.Bf4 Qh4 27.e6 fxe6 28.Rxe6 Qxf4 29.Re8+ Rxe8
30.Qxe8+ Bf8 31.Qxd7 Qxg3 32.Qxb7 Qxc3 33.Rf1 Qe3+ 34.Kh1 Qe2 35.Qd5+ Kh8
36.Bd3 {#r} 1-0

[Event "It \"]
[Site "masterchessopen.com Crawley (England)"]
[Date "2012.08.21"]
[Round "6"]
[White "Lenier Jude (ENG)"]
[Black "Venkataramanan T S (IND)"]
[Result "0-1"]
[WhiteElo "2016"]
[BlackElo "2287"]

1.e4 e5 2.Nf3 Nc6 3.Bb5 a6 4.Ba4 Nf6 5.O-O Be7 6.Re1 b5 7.Bb3 d6 8.c3 O-O 9.h3
Nb8 10.d4 Nbd7 11.Nbd2 Bb7 12.Bc2 Re8 13.a4 Bf8 14.Bd3 c6 15.b3 g6 16.Qc2 Bg7
17.Ba3 Qc7 18.b4 Nh5 19.Bb2 Nb6 20.axb5 cxb5 21.c4 bxc4 22.Nxc4 Rac8 23.Rac1
Nf4 24.Bf1 d5 25.exd5 Bxd5 26.Nfxe5 Bxe5 27.dxe5 Nxc4 28.Bxc4 Qxc4 29.Qd2 Qb3
30.Re3 Rxc1+ 31.Bxc1 Qc4 32.Rc3 Qxc3 {#R} 0-1

[Event "Ch Europe (juniors) (under 14)"]
[Site "masterchessopen.com Prague (Czech Republic)"]
[Date "2012.08.24"]
[Round "8"]
[White "Sadikhov Ulvi (AZE)"]
[Black "Bellahcene Bilel (FRA)"]
[Result "1-0"]
[WhiteElo "2160"]
[BlackElo "2344"]

1.e4 e5 2.Nf3 Nc6 3.Bb5 a6 4.Ba4 Nf6 5.O-O Be7 6.Re1 b5 7.Bb3 O-O 8.c3 d6 9.h3
Nb8 10.d4 Nbd7 11.c4 Bb7 12.cxb5 axb5 13.Nc3 b4 14.Nd5 Nxd5 15.exd5 e4 16.Rxe4
Nf6 17.Re1 Nxd5 18.Qd3 Bf6 19.Bd2 Rb8 20.Rac1 Qd7 21.Bg5 Bxg5 22.Nxg5 Nf6
23.Ne6 Rfc8 24.Qg3 Ne8 25.Ng5 d5 26.Bc2 Nf6 27.Re5 Qd6 28.Rce1 h6 29.Nxf7 {#r}
1-0

[Event "It (open)"]
[Site "masterchessopen.com Neumarkt am Walersee (Austria)"]
[Date "2012.08.29"]
[Round "5"]
[White "Harringer Franz (AUT)"]
[Black "Mathe Gaspar (HUN)"]
[Result "0-1"]
[WhiteElo "2214"]
[BlackElo "2330"]

1.e4 e5 2.Nf3 Nc6 3.Bb5 a6 4.Ba4 Nf6 5.O-O Be7 6.Re1 b5 7.Bb3 O-O 8.c3 d6 9.h3
Nb8 10.d4 Nbd7 11.Nbd2 Bb7 12.Bc2 Re8 13.Nf1 Nf8 14.Ng3 Ng6 15.b3 Bf8 16.d5 c6
17.c4 Nd7 18.dxc6 Bxc6 19.cxb5 axb5 20.Nf5 Nf6 21.Bg5 h6 22.Bxf6 Qxf6 23.g3
Qe6 24.Qd3 d5 25.exd5 Qxd5 26.Qxd5 Bxd5 27.Be4 Bxe4 28.Rxe4 Ra3 29.N5d4 Ra5
30.b4 Bxb4 31.Nc6 Bc3 32.Rc1 Ra3 33.Re3 b4 34.Rb1 Rc8 35.Nxb4 Rb8 36.Re4 Rxb4
{#R} 0-1

[Event "Olympiad (under 16)"]
[Site "masterchessopen.com Istanbul (Turkey)"]
[Date "2012.09.05"]
[Round "10"]
[White "Benzetsel Ekim (TUR)"]
[Black "Gorbanovsky Oleg (MDA)"]
[Result "0-1"]
[WhiteElo "1837"]
[BlackElo "1968"]

1.e4 e5 2.Nf3 Nc6 3.Bb5 a6 4.Ba4 Nf6 5.O-O Be7 6.Re1 b5 7.Bb3 d6 8.c3 O-O 9.h3
Nb8 10.d4 Nbd7 11.Nbd2 Bb7 12.Bc2 Re8 13.Nf1 Bf8 14.Ng3 g6 15.Nh2 h5 16.Nf3 c5
17.d5 c4 18.Be3 Qc7 19.Qe2 a5 20.Ng5 Bg7 21.Rad1 Nc5 22.Rf1 Re7 23.f4 exf4
24.Rxf4 Ncd7 25.Rdf1 Rf8 26.Bd4 Bh6 27.Rxf6 Bxg5 28.Nxh5 Bxf6 29.Nxf6+ Nxf6
30.Bxf6 Rfe8 {#R} 0-1

[Event "Olympiad (w)"]
[Site "masterchessopen.com Istanbul (Turkey)"]
[Date "2012.09.06"]
[Round "9"]
[White "Berzina Ilze (LAT)"]
[Black "Fairley Natasha (NZL)"]
[Result "1-0"]
[WhiteElo "2306"]
[BlackElo "1788"]

1.e4 e5 2.Nf3 Nc6 3.Bb5 a6 4.Ba4 Nf6 5.O-O Be7 6.Re1 b5 7.Bb3 d6 8.c3 O-O 9.h3
Nb8 10.d4 Nbd7 11.Nbd2 Bb7 12.Bc2 Re8 13.Nf1 Bf8 14.Ng3 g6 15.Bg5 h6 16.Bd2 c5
17.d5 c4 18.Be3 Qc7 19.Qd2 Kh7 20.Nh2 Bg7 21.Rf1 Nc5 22.Kh1 Bc8 23.f4 exf4
24.Rxf4 g5 25.e5+ Kg8 26.Rxf6 Rxe5 27.Rf3 Bh8 28.Ng4 Bxg4 29.hxg4 Rae8 30.Nf5
f6 31.Raf1 Ne4 32.Nxh6+ Kf8 33.Bxe4 {#r} 1-0

[Event "It (open)"]
[Site "masterchessopen.com Istanbul (Turkey)"]
[Date "2012.09.07"]
[Round "8"]
[White "Firman Nazar (UKR)"]
[Black "Soltanici Ruslan (MDA)"]
[Result "0-1"]
[WhiteElo "2535"]
[BlackElo "2411"]

1.e4 e5 2.Nf3 Nc6 3.Bb5 a6 4.Ba4 Nf6 5.O-O Be7 6.Re1 b5 7.Bb3 d6 8.c3 O-O 9.h3
Nb8 10.d4 Nbd7 11.a4 Bb7 12.Nbd2 c5 13.Qe2 Qb6 14.Ba2 cxd4 15.cxd4 exd4 16.a5
Qa7 17.b4 d5 18.e5 Ne4 19.Nxe4 dxe4 20.e6 fxe6 21.Bxe6+ Kh8 22.Bxd7 Bxb4
23.Ne5 d3 24.Qh5 Qxf2+ 25.Kh1 Qxe1+ 26.Kh2 Bd6 27.Bf4 Bxe5 28.Rxe1 Bxf4+
29.Kh1 e3 30.Bf5 Rxf5 31.Qxf5 d2 32.Rf1 e2 {#R} 0-1

[Event "Olympiad (w)"]
[Site "masterchessopen.com Istanbul (Turkey)"]
[Date "2012.09.07"]
[Round "10"]
[White "Pourkashiyan Atousa (IRI)"]
[Black "Novkovic Julia (AUT)"]
[Result "1-0"]
[WhiteElo "2313"]
[BlackElo "2025"]

1.e4 e5 2.Nf3 Nc6 3.Bb5 a6 4.Ba4 Nf6 5.O-O Be7 6.Re1 b5 7.Bb3 d6 8.c3 O-O 9.h3
Nb8 10.d4 Nbd7 11.Nbd2 Bb7 12.Bc2 Re8 13.Nf1 d5 14.exd5 exd4 15.Nxd4 Nxd5
16.Ng3 g6 17.Bh6 c5 18.Ndf5 gxf5 19.Nxf5 Nf8 20.h4 Qc7 21.Qg4+ Ng6 22.h5 Nf6
23.Qg5 Ne4 24.Nxe7+ Qxe7 25.Qxe7 Nxe7 26.Bxe4 Bxe4 27.Rxe4 Nf5 28.Rg4+ Kh8
29.Bg5 h6 30.Rf4 Nd6 31.Bxh6 Kh7 32.Rf6 Ne4 33.Rc6 a5 34.Bf4 Rad8 35.Re1 Nd6
36.Rxe8 Nxe8 37.Rxc5 {#r} 1-0

[Event "Ch Germany (juniors) (Internet) (under 18) (qual4)"]
[Site "masterchessopen.com Internet"]
[Date "2012.09.12"]
[Round "4"]
[White "Schiffer Stefan"]
[Black "Mueller Nick"]
[Result "0-1"]
[WhiteElo "1748"]
[BlackElo "2123"]

1.e4 e5 2.Nf3 Nc6 3.Bb5 a6 4.Ba4 Nf6 5.O-O Be7 6.Re1 b5 7.Bb3 d6 8.h3 O-O 9.c3
Nb8 10.d4 Nbd7 11.Bg5 Bb7 12.Nbd2 c5 13.d5 c4 14.Bc2 Nxd5 15.exd5 Bxg5 16.Nxg5
Qxg5 17.Ne4 Qe7 18.a4 f5 19.Ng3 g6 20.axb5 axb5 21.Rxa8 Bxa8 22.Qf3 Qf7 23.Rd1
Nb6 24.b3 Nxd5 25.bxc4 bxc4 26.Ne2 Nb4 {#R} 0-1

[Event "Ch Germany (juniors) (Internet) (under 18) (qual4)"]
[Site "masterchessopen.com Internet"]
[Date "2012.09.12"]
[Round "6"]
[White "Stephan Michael"]
[Black "Mueller Nick"]
[Result "0-1"]
[WhiteElo "1724"]
[BlackElo "2123"]

1.e4 e5 2.Nf3 Nc6 3.Bb5 a6 4.Ba4 Nf6 5.O-O Be7 6.Re1 b5 7.Bb3 d6 8.h3 O-O 9.c3
Nb8 10.d4 Nbd7 11.Nbd2 Bb7 12.d5 c6 13.Nf1 Nc5 14.dxc6 Bxc6 15.Bd5 Qc7 16.Ng3
Nxd5 17.exd5 Bd7 18.Ne4 Nxe4 19.Rxe4 f5 20.Re2 Bf6 21.Bg5 a5 22.Bxf6 Rxf6
23.Rc2 f4 24.c4 Bf5 25.Rc3 bxc4 26.Rac1 Qb6 27.Rxc4 Qxb2 28.Qa4 Bd3 29.Rc8+
Rf8 30.Qd7 Bf5 31.Rxf8+ Rxf8 32.Qc7 Rc8 {#R} 0-1

[Event "It (open)"]
[Site "masterchessopen.com Livigno (Italy)"]
[Date "2012.09.15"]
[Round "7"]
[White "Antipov Mikhail Al (RUS)"]
[Black "Maiorov Nikita (BLR)"]
[Result "0-1"]
[WhiteElo "2470"]
[BlackElo "2574"]

1.e4 e5 2.Nf3 Nc6 3.Bb5 a6 4.Ba4 Nf6 5.O-O Be7 6.Re1 b5 7.Bb3 d6 8.c3 O-O 9.h3
Nb8 10.d4 Nbd7 11.Nbd2 Bb7 12.Bc2 Re8 13.Nf1 Bf8 14.Ng3 c6 15.Nf5 Qc7 16.a4
Rac8 17.axb5 axb5 18.dxe5 dxe5 19.Qe2 Nc5 20.h4 Kh8 21.Bg5 Ng8 22.h5 Ne6
23.Bc1 g6 24.hxg6 fxg6 25.Ne3 Nf6 26.g3 Rcd8 27.Ng2 Bc8 28.Ng5 Bc5 29.b4 Bb6
30.Nxe6 Bxe6 31.Be3 Ng4 32.Bxb6 Qxb6 33.Ne3 Rf8 34.f3 Bc4 {#R} 0-1

[Event "Ch Romania (team) (superliga)"]
[Site "masterchessopen.com Mamaia (Romania)"]
[Date "2012.09.27"]
[Round "6"]
[White "Tukhaev Adam (UKR)"]
[Black "Salgado Lopez Ivan (ESP)"]
[Result "1-0"]
[WhiteElo "2524"]
[BlackElo "2627"]

1.e4 e5 2.Nf3 Nc6 3.Bb5 a6 4.Ba4 Nf6 5.O-O Be7 6.Re1 b5 7.Bb3 d6 8.c3 O-O 9.h3
Nb8 10.d4 Nbd7 11.Nbd2 Bb7 12.Bc2 Re8 13.b3 Bf8 14.Bb2 g6 15.a4 c6 16.Nf1 Nh5
17.Ne3 Nf4 18.Qd2 h5 19.Rad1 Qb6 20.c4 Rad8 21.d5 bxa4 22.g3 axb3 23.Bb1 Nxh3+
24.Kg2 Nxf2 25.Qxf2 Bh6 26.dxc6 Qxc6 27.g4 Bf4 28.gxh5 Nf6 29.Nd5 Nxd5 30.exd5
Qxc4 31.Re4 Qc5 32.Qh4 g5 33.Nxg5 Bxd5 34.h6 Bxe4+ 35.Nxe4 {#r} 1-0

[Event "It (team) (active) \"]
[Site "masterchessopen.com Potsdam (Germany)"]
[Date "2012.10.14"]
[Round "1"]
[White "Nasuta Grzegorz (POL)"]
[Black "Kraemer Martin (GER)"]
[Result "0-1"]
[WhiteElo "2256"]
[BlackElo "2520"]

1.e4 e5 2.Nf3 Nc6 3.Bb5 a6 4.Ba4 Nf6 5.O-O Be7 6.Re1 b5 7.Bb3 d6 8.c3 O-O 9.h3
Nb8 10.d4 Nbd7 11.Nbd2 Bb7 12.Bc2 Re8 13.Nf1 Bf8 14.Ng3 g6 15.Bg5 h6 16.Bd2
Bg7 17.a4 c5 18.d5 c4 19.Be3 Nc5 20.Qd2 h5 21.Ng5 Qe7 22.Rf1 h4 23.Nh1 Nh5
24.Nf3 Bf6 {#R} 0-1